[Event "Festuge op"]
[Site "Festuge"]
[Date "1991.??.??"]
[Round "?"]
[White "Almasi, Zoltan"]
[Black "Kjeldsen, Jens"]
[Result "1-0"]
[WhiteElo "2340"]
[BlackElo "2305"]

1.e4 e5 2.Nf3 Nc6 3.Bb5 a6 4.Ba4 Nf6 5.O-O Be7 6.Re1 b5 7.Bb3 O-O 8.c3 d5
9.exd5 Nxd5 10.Nxe5 Nxe5 11.Rxe5 Bb7 12.d4 Bf6 13.Re1 Qd7 14.Nd2 Rae8 15.Rxe8 Rxe8
16.Nf3 Qd6 17.Qd3 g6 18.Bd2 Nf4 19.Bxf4 Qxf4 20.Re1 Rxe1+ 21.Nxe1 Bg5 22.Qe2 Qe4
23.Qd1 Be7 24.Nf3 Qf4 25.Ne5 Kg7 26.Bxf7 Qe4 27.f3 Qe3+ 28.Kh1 c5 29.Bb3 Bd6
30.Ng4 Qe7 31.dxc5 Bxc5 32.Qd2 g5 33.Nf2 h5 34.Bc2 Qe3 35.Qxe3 Bxe3 36.Kg1 Bd5
37.Bb3 Bc6 38.Kf1 a5 39.Ke2 Bf4 40.h3 Bd6 41.Kd3 Bf4 42.Kd4 Kf6 43.Bd5 Bd7
44.Ne4+ Ke7 45.b3 h4 46.Nc5 Bc7 47.Ne4 Bb6+ 48.Kd3 Bf5 49.Bc6  1-0

[Event "Festuge op"]
[Site "Festuge"]
[Date "1991.??.??"]
[Round "?"]
[White "Almasi, Zoltan"]
[Black "Martin, Andrew D"]
[Result "1/2-1/2"]
[WhiteElo "2340"]
[BlackElo "2430"]

1.e4 c5 2.Nf3 Nc6 3.d4 cxd4 4.Nxd4 e5 5.Nb5 d6 6.c4 Be6 7.N1c3 a6 8.Na3 Be7
9.Be2 Nd4 10.Be3 Nxe2 11.Qxe2 Nf6 12.f3 Rc8 13.O-O O-O 14.Rac1 Qa5 15.Qd2 Rfd8
16.Nd5 Qxd2 17.Bxd2 Nd7 18.Bb4 Rc6 19.Nc2 Bg5 20.b3 b5 21.f4 exf4 22.Nd4 Bxd5
23.exd5 Rb6 24.cxb5 f3 25.Rce1 fxg2 26.Kxg2 axb5 27.Nf5 Nc5 28.Rf3 Ra8 29.Bc3 g6
30.h4 gxf5 31.hxg5 Ne4 32.Bd4 Rxa2+ 33.Kg1 Rb8 34.Rxf5 Ng3 35.Rf2 Rxf2 36.Kxf2 Nf5
37.Bf6 h6 38.Kf3 Kh7 39.gxh6 Kg6 40.Bb2 Nxh6 41.Kf4 Rg8 42.Rg1+ Kh7 43.Rxg8 Nxg8
44.Ba3 Nf6 45.Bxd6 Nxd5+ 46.Ke5 Ne3 47.Ke4 Nc4 48.bxc4 bxc4 49.Kd4 Kg6 50.Kxc4 Kf5
51.Kd3 Ke6 52.Bb8 Kd5  1/2-1/2

[Event "Festuge op"]
[Site "Festuge"]
[Date "1991.??.??"]
[Round "?"]
[White "Mortensen, Erling"]
[Black "Almasi, Zoltan"]
[Result "1/2-1/2"]
[WhiteElo "2450"]
[BlackElo "2340"]

1.e4 e5 2.Nf3 Nc6 3.Bb5 a6 4.Ba4 Nf6 5.O-O Be7 6.Qe2 b5 7.Bb3 O-O 8.c3 d5
9.d3 Bb7 10.Nbd2 Re8 11.a3 Bf8 12.Ba2 Qd7 13.exd5 Nxd5 14.Ne4 Rad8 15.Nfg5 f6
16.Nh3 Kh8 17.Qh5 Bc8 18.f4 Qg4 19.Qxg4 Bxg4 20.Nhf2 Bc8 21.fxe5 Nxe5 22.Ng3 c5
23.Bd2 Nc7 24.Bf4 Nd5 25.Bd2 Rd7 26.Rae1 Red8 27.b4 Nc7  1/2-1/2

[Event "Festuge op"]
[Site "Festuge"]
[Date "1991.??.??"]
[Round "?"]
[White "Nielsen, Peter Heine"]
[Black "Almasi, Zoltan"]
[Result "1/2-1/2"]
[WhiteElo "2365"]
[BlackElo "2340"]

1.e4 e5 2.Nf3 Nc6 3.d4 exd4 4.Nxd4 Nf6 5.Nxc6 bxc6 6.e5 Qe7 7.Qe2 Nd5 8.c4 Nb6
9.Nd2 d6 10.exd6 cxd6 11.b3 Bb7 12.Bb2 Qxe2+ 13.Bxe2 f6 14.Bh5+ Kd7 15.O-O-O Kc7
16.Rhe1 Nd7 17.f4 d5 18.Kb1 Rd8 19.cxd5 cxd5 20.Nf3 Bb4 21.Nd4 Bxe1 22.Ne6+ Kb8
23.Nxd8 Rxd8 24.Rxe1 Nc5 25.Bd4 Ne4 26.Kb2 Nd6 27.Bf3 Ne4 28.Rd1 Re8 29.g4 a6
30.h4 h6 31.Re1 Rd8 32.h5 Kc7 33.Ka3 Kd6 34.Rd1 Re8 35.Kb4 Bc6 36.Ka5 Nc5
37.Kb4 Ne4 38.Re1 Rb8+ 39.Ka3 Nd2 40.Bg2 Ne4 41.Bf3 Rb7 42.Rd1 Ke6 43.Kb2 Rb8
44.Be2 Bb5 45.Bxb5 axb5 46.Rc1 Kd7 47.Rc2 Ra8 48.Kc1 Kd6 49.Kd1 b4 50.Ke2 Rg8
51.Kf3 Ra8 52.Ke3 Re8 53.Kd3 Ra8 54.Ke3  1/2-1/2

[Event "HUN-chT"]
[Site "HUN"]
[Date "1991.??.??"]
[Round "?"]
[White "Almasi, Zoltan"]
[Black "Dudas, Janos"]
[Result "1-0"]
[WhiteElo "2340"]
[BlackElo "2290"]

1.e4 e6 2.d4 d5 3.Nc3 dxe4 4.Nxe4 Bd7 5.Nf3 Bc6 6.Bd3 Nd7 7.c4 Be7 8.O-O Ngf6
9.Nc3 Nb6 10.Be2 Bxf3 11.Bxf3 c6 12.b3 Qc7 13.Qe2 Rd8 14.Rd1 O-O 15.g3 Nbd7
16.Bg2 Rfe8 17.f4 Qb8 18.Qf3 Bd6 19.Bb2 Nf8 20.a3 a5 21.Kh1 Re7 22.Re1 N6d7
23.Rad1 f6 24.Ne4 Rde8 25.Rf1 Bc7 26.Bc3 Qa7 27.Qh5 Qa6 28.Qe2 e5 29.dxe5 fxe5
30.f5 Nf6 31.g4 Nd5 32.Rxd5 cxd5 33.Nc5 Qb6 34.Bxd5+ Kh8 35.b4 axb4 36.axb4 Bb8
37.Ne4 Qd8 38.Bd2 Rd7 39.Bg5 Qb6 40.f6 Ne6 41.c5 Qc7 42.fxg7+ Nxg7 43.Nf6 Rxd5
44.Nxd5 Qc6 45.Qe4 Bc7 46.Bf6 Bd8 47.g5 b6 48.Rf3 Qe6 49.cxb6 Qc6 50.Rh3 Qc1+
51.Kg2 Qb2+ 52.Kg3 Qb3+ 53.Ne3  1-0

[Event "HUN-chT"]
[Site "HUN"]
[Date "1991.??.??"]
[Round "?"]
[White "Almasi, Zoltan"]
[Black "Racz, Zoltan"]
[Result "1-0"]
[WhiteElo "2340"]
[BlackElo "2265"]

1.e4 c5 2.Nf3 Nc6 3.d4 cxd4 4.Nxd4 Nf6 5.Nc3 e5 6.Ndb5 d6 7.Bg5 a6 8.Na3 b5
9.Bxf6 gxf6 10.Nd5 f5 11.c3 Bg7 12.exf5 Bxf5 13.Nc2 Be6 14.Nce3 Ne7 15.g3 Nxd5
16.Nxd5 O-O 17.Bg2 a5 18.O-O Rb8 19.Qh5 f5 20.Rad1 Qd7 21.Rd2 Kh8 22.Rfd1 Bf7
23.Qh4 Bxd5 24.Rxd5 Rb6 25.Qh5 Qe6 26.Bh3 Qf6 27.Bf1 b4 28.c4 a4 29.Ra5 b3
30.Rxa4 e4 31.Qe2 bxa2 32.Rxa2 Rfb8 33.Rd2 Rxb2 34.Rdxb2 Rxb2 35.Ra8+ Bf8
36.Rxf8+  1-0

[Event "HUN-chT"]
[Site "HUN"]
[Date "1991.??.??"]
[Round "?"]
[White "Szalay, Szilvia"]
[Black "Almasi, Zoltan"]
[Result "0-1"]
[WhiteElo "2045"]
[BlackElo "2340"]

1.e4 e5 2.Nf3 Nc6 3.Bb5 a6 4.Ba4 Nf6 5.O-O Be7 6.Re1 b5 7.Bb3 d6 8.h3 Na5
9.c3 Nxb3 10.axb3 O-O 11.d4 exd4 12.Nxd4 Bb7 13.Nd2 Re8 14.c4 Qd7 15.Qe2 Bf8
16.cxb5 Bxe4 17.Nxe4 Rxe4 18.Qd2 Rae8 19.Rxe4 Nxe4 20.Qa5 axb5 21.Nxb5 Re5
22.Qxc7 Qxb5  0-1

[Event "HUN-chT"]
[Site "HUN"]
[Date "1991.??.??"]
[Round "?"]
[White "Csoke, Adrienn"]
[Black "Almasi, Zoltan"]
[Result "0-1"]
[WhiteElo "2170"]
[BlackElo "2340"]

1.e4 e5 2.Nf3 Nc6 3.Bb5 a6 4.Ba4 Nf6 5.O-O Be7 6.Re1 b5 7.Bb3 d6 8.c3 O-O
9.d4 Bg4 10.Be3 exd4 11.cxd4 d5 12.e5 Ne4 13.Nbd2 Nxd2 14.Qxd2 Bxf3 15.gxf3 Bb4
16.Qc2 Bxe1 17.Qxc6 Ba5 18.Bxd5 Rb8 19.Be4 Bb6 20.Rd1 Qh4 21.Kh1 Rbd8 22.f4 Rfe8
23.Qc2 Qh5 24.f3 g6 25.Qf2 Kh8 26.Rg1 Qh6 27.f5 Qf8 28.Bc6 Re7 29.Qh4 Red7
30.Bh6 Qe7 31.Bg7+ Kg8 32.Bf6 Qf8 33.fxg6 fxg6 34.Rxg6+ hxg6 35.Qh8+ Kf7
36.Qh7+ Ke6 37.d5+ Rxd5 38.Bxd5+ Kxd5 39.Qh4 Kc6 40.Qe4+ Rd5 41.b4 Qh6  0-1

[Event "Kobanya op"]
[Site "Kobanya"]
[Date "1991.??.??"]
[Round "1"]
[White "Andersen, D."]
[Black "Almasi, Zoltan"]
[Result "0-1"]
[WhiteElo "2260"]
[BlackElo "2340"]

1.Nf3 Nf6 2.c4 c5 3.Nc3 Nc6 4.g3 g6 5.Bg2 Bg7 6.O-O O-O 7.d4 cxd4 8.Nxd4 Qb6
9.Nc2 d6 10.b3 Bd7 11.Bb2 Rac8 12.Ne3 Qa5 13.a3 a6 14.b4 Qh5 15.Na4 Rcd8
16.Bf3 Qh6 17.Nb6 Bh3 18.Re1 Ne5 19.Bxe5 dxe5 20.Qc2 e4 21.Bh1 Nh5 22.Rad1 Rxd1
23.Nxd1 f5 24.e3 g5 25.c5 Nf6 26.Qc4+ Kh8 27.Nd5 Ng4 28.Nxe7 Nxh2 29.Qd5 Bg4
30.f4 Qh3 31.Kf2 Bf3  0-1

[Event "Kobanya op"]
[Site "Kobanya"]
[Date "1991.??.??"]
[Round "4"]
[White "Almasi, Zoltan"]
[Black "Canfell, Gregory"]
[Result "1-0"]
[WhiteElo "2340"]
[BlackElo "2280"]

1.e4 c5 2.Nf3 e6 3.d4 cxd4 4.Nxd4 Nf6 5.Nc3 d6 6.g4 Be7 7.g5 Nfd7 8.h4 O-O
9.Be3 Nc6 10.Qh5 Nxd4 11.Bxd4 a6 12.O-O-O b5 13.Bd3 g6 14.Qg4 b4 15.Ne2 e5
16.Be3 Nc5 17.Qg2 Nxd3+ 18.Rxd3 Be6 19.h5 Kg7 20.f4 Qa5 21.f5 gxf5 22.g6 fxg6
23.hxg6 h5 24.Rxh5 Rh8 25.Rh7+ Rxh7 26.gxh7+ Kh8 27.Bh6 Bf8 28.Qg6 b3 29.Qf6+ Kxh7
30.Bxf8 Qe1+ 31.Rd1 Rxf8 32.Qe7+ Rf7 33.Qxf7+  1-0

[Event "Kobanya op"]
[Site "Kobanya"]
[Date "1991.??.??"]
[Round "6"]
[White "Almasi, Zoltan"]
[Black "Dovzik, Juri"]
[Result "1-0"]
[WhiteElo "2340"]
[BlackElo "2435"]

1.e4 Nf6 2.e5 Nd5 3.d4 d6 4.Nf3 Bg4 5.Be2 e6 6.O-O Be7 7.h3 Bh5 8.c4 Nb6
9.Nc3 O-O 10.Be3 d5 11.c5 Bxf3 12.gxf3 Nc8 13.f4 Nc6 14.f5 exf5 15.Bf3 f4
16.Bxf4 Bg5 17.Bh2 N8e7 18.Qd3 f6 19.Rad1 fxe5 20.dxe5 d4 21.Ne2 Qe8 22.Qb3+ Kh8
23.Nxd4 Bf4 24.Ne6 Bxh2+ 25.Kxh2 Nf5 26.Nxf8 Qxe5+ 27.Kh1 Rxf8 28.Qxb7 Ncd4
29.Qd5 Qf4 30.Bg2 h6 31.Qe4 Qxe4 32.Bxe4 Ne6 33.Bxf5 Rxf5 34.b4 Rf4 35.Rfe1 Ng5
36.Rd7 Rxf2 37.Rde7 Rxa2 38.R1e2 Ra4 39.Rxc7 Rxb4 40.Rc8+ Kh7 41.c6 Rc4 42.Re7 Nf3
43.Kg2 Nd4 44.Rcc7 Rc2+ 45.Kf1 Nf5 46.Red7 Kg6 47.Rc8 Kf6 48.Rxa7 g5 49.c7 Nd6
50.Rd8 Ke5 51.Ra5+  1-0

[Event "Wch U16"]
[Site "Mamaia"]
[Date "1991.??.??"]
[Round "?"]
[White "Lyrberg, Patrik"]
[Black "Almasi, Zoltan"]
[Result "1/2-1/2"]
[WhiteElo "2270"]
[BlackElo "2340"]

1.e4 e5 2.Nf3 Nc6 3.Bc4 Bc5 4.O-O Nf6 5.d3 d6 6.c3 a6 7.Bb3 Ba7 8.Nbd2 O-O
9.Re1 Ng4 10.Re2 Kh8 11.h3 Nh6 12.Nf1 f5 13.N1h2 Qf6 14.Be3 Bxe3 15.Rxe3 f4
16.Re1 g5 17.d4 g4  1/2-1/2

[Event "Balatonbereny op"]
[Site "Balatonbereny"]
[Date "1992.??.??"]
[Round "1"]
[White "Tomcsanyi, Peter"]
[Black "Almasi, Zoltan"]
[Result "1-0"]
[WhiteElo "2235"]
[BlackElo "2470"]

1.e4 e5 2.Nf3 Nc6 3.c3 d5 4.Qa4 Qd6 5.d4 Bd7 6.Bb5 exd4 7.exd5 Qxd5 8.O-O O-O-O
9.cxd4 a6 10.Nc3 Qh5 11.Bxa6 bxa6 12.Qxa6+ Kb8 13.Nb5 Bd6 14.Nxd6 cxd6 15.Bf4 Qd5
16.Rac1 Nge7 17.Rc5 Be6 18.Rxd5 Bxd5 19.Rc1 Rd7 20.Rc5 Ra7 21.Bxd6+ Ka8 22.Qb5 Rxa2
23.h3 Ra5 24.Qxa5+ Nxa5 25.Rxa5+ Kb7  1-0

[Event "Balatonbereny op"]
[Site "Balatonbereny"]
[Date "1992.??.??"]
[Round "5"]
[White "Zimmersmann, Rita"]
[Black "Almasi, Zoltan"]
[Result "0-1"]
[WhiteElo "2280"]
[BlackElo "2470"]

1.e4 c5 2.Nf3 Nc6 3.d4 cxd4 4.Nxd4 Nf6 5.Nc3 d6 6.Bc4 Qb6 7.Nde2 e6 8.O-O a6
9.b3 Be7 10.Bb2 O-O 11.Bd3 Bd7 12.Ng3 Rac8 13.Kh1 Ne5 14.f4 Nxd3 15.cxd3 d5
16.e5 Ne8 17.Rc1 Qa5 18.a4 g6 19.Nce2 Ng7 20.Bc3 Qd8 21.Qd2 Qb6 22.Nd4 Ba3
23.Rc2 Bc5 24.Nge2 Qa7 25.b4 Be7 26.Ra1 Rc7 27.b5 Rfc8 28.Rac1 b6 29.Bb2 Bc5
30.g3 axb5 31.axb5 Qb7 32.h3 Ra8 33.Kh2 Ne8 34.Ra1 Rxa1 35.Bxa1 Qc8 36.Rc1 Qa8
37.Bc3 Ra7 38.Rc2 Ra4 39.Nc6 Bxc6 40.bxc6 Qxc6 41.Bd4 Ra5 42.Nc1 Qa4 43.Bc3 Ra8
44.d4 Bf8 45.Rb2 Qc6 46.Nd3 Qc4 47.Rc2 Rc8 48.Rc1 Qb3 49.Bb2 Rc4 50.Qd1 Qxd1
51.Rxd1 Nc7 52.Kg2 Nb5 53.Rc1 Be7 54.Kf2 Ba3 55.Bxa3 Nxa3 56.Ke3 Nc2+  0-1

[Event "Balatonbereny op"]
[Site "Balatonbereny"]
[Date "1992.??.??"]
[Round "6"]
[White "Almasi, Zoltan"]
[Black "Szalanczy, Emil"]
[Result "1-0"]
[WhiteElo "2470"]
[BlackElo "2370"]

1.e4 c5 2.Nf3 d6 3.d4 cxd4 4.Nxd4 Nf6 5.Nc3 g6 6.Be3 Bg7 7.f3 Nc6 8.Qd2 O-O
9.O-O-O d5 10.exd5 Nxd5 11.Nxc6 bxc6 12.Bd4 e5 13.Bc5 Be6 14.Ne4 Rb8 15.Bc4 Qc7
16.Bxf8 Kxf8 17.Bb3 Kg8 18.Nc5 Qe7 19.Nxe6 Qxe6 20.Rhe1 Qf6 21.Re4 h5 22.Kb1 Kh7
23.Bxd5 cxd5 24.Qxd5 Rb6 25.Qd7 a5 26.a4 g5 27.h3 h4 28.Rd5 Re6 29.Qc7 Qg6
30.Qxa5 f5 31.Re2 Qf6 32.c3 Ra6 33.Qd8 Qg6 34.Rexe5 Rxa4 35.Qe8 Bxe5 36.Qxa4 Bg7
37.Qc2 Kh6 38.Qxf5  1-0

[Event "Balatonbereny op"]
[Site "Balatonbereny"]
[Date "1992.??.??"]
[Round "8"]
[White "Almasi, Zoltan"]
[Black "Tolnai, Tibor"]
[Result "0-1"]
[WhiteElo "2470"]
[BlackElo "2495"]

1.e4 c5 2.Nf3 e6 3.d4 cxd4 4.Nxd4 Nf6 5.Nc3 d6 6.f4 Nc6 7.Be3 a6 8.Qf3 Qc7
9.Bd3 Be7 10.O-O O-O 11.Rae1 e5 12.Nde2 b5 13.a3 Rb8 14.f5 b4 15.Nd5 Qd8
16.g4 Nxd5 17.exd5 Nd4 18.Nxd4 exd4 19.Bxd4 Bf6 20.Qf4 bxa3 21.bxa3 h6 22.Re2 Bd7
23.Rfe1 Bb5 24.c4 Ba4 25.c5 Bb5 26.Bxb5 Rxb5 27.Bxf6 Qxf6 28.cxd6 Rxd5 29.Rd2 g5
30.Qe3 Rxd6 31.Rxd6 Qxd6 32.Rb1 Rc8 33.Rb2 Qd1+ 34.Kf2 Qxg4 35.Qe5 Qd1 36.Re2 Qa4
37.Re3 Rc2+ 38.Kf3 Qc6+ 39.Re4 Rc4 40.Qe8+ Qxe8  0-1

[Event "Balatonbereny op"]
[Site "Balatonbereny"]
[Date "1992.??.??"]
[Round "9"]
[White "Madl, Ildiko"]
[Black "Almasi, Zoltan"]
[Result "1/2-1/2"]
[WhiteElo "2410"]
[BlackElo "2470"]

1.e4 e5 2.Nf3 Nc6 3.d4 exd4 4.Nxd4 Nf6 5.Nxc6 bxc6 6.e5 Qe7 7.Qe2 Nd5 8.c4 Ba6
9.g3 f6 10.e6 dxe6 11.Bh3 e5 12.O-O Rd8 13.b3 Nb4 14.a3 Nd3 15.Be3 g6 16.Bg2 e4
17.f3 f5 18.fxe4 Bg7 19.Ra2 O-O 20.Rd2 Nc5 21.exf5 Rde8 22.Bxc5 Qxc5+ 23.Qf2 Qxf2+
24.Kxf2 Rxf5+ 25.Bf3 c5 26.Kg2 Bd4 27.Rd3 Kg7 28.Nd2 Rfe5 29.b4 Re3 30.Rxe3 Rxe3
31.bxc5 Rxa3 32.Rd1 Ra2 33.Kh1 Ra1 34.Rxa1 Bxa1 35.Bd5 Kf6 36.c6 Bc3 37.Ne4+ Ke5
38.Nxc3 Kd4 39.Ne2+ Ke5 40.Nf4 Bc8 41.Kg2 a5 42.c5 Kd4 43.Bg8 g5 44.Nd5 Kxc5
45.Nxc7 Kxc6 46.Nd5 Kc5 47.Kf3 Kd4 48.Ne7 Bd7 49.Bxh7 a4 50.Bg8 a3 51.Ke2 Bg4+
52.Kd2 Ke4 53.Bd5+ Ke5 54.Bb3 Ke4 55.Nd5 Kf3 56.Ne3 Bd7 57.h4 gxh4 58.gxh4 Be8
59.h5 Kf4 60.h6 Bg6 61.Bg8 a2 62.Bxa2 Kg5 63.Ng4 Kxg4 64.Bg8 Kg5 65.h7 Bxh7  1/2-1/2

[Event "Spring op"]
[Site "Budapest"]
[Date "1992.??.??"]
[Round "?"]
[White "Almasi, Zoltan"]
[Black "Torok, Jozsef"]
[Result "1-0"]
[WhiteElo "2390"]
[BlackElo "2280"]

1.e4 c5 2.Nf3 d6 3.d4 cxd4 4.Nxd4 Nf6 5.Nc3 g6 6.Be3 Bg7 7.f3 O-O 8.Qd2 Nc6
9.Bc4 Bd7 10.h4 Ne5 11.Bb3 Rc8 12.O-O-O Nc4 13.Bxc4 Rxc4 14.h5 Nxh5 15.g4 Nf6
16.Bh6 Nxe4 17.Qe3 Rxc3 18.bxc3 Nf6 19.Bxg7 Kxg7 20.Rh2 Rh8 21.c4 Qa5 22.g5 Ne8
23.Qxe7 Qxa2 24.Nb3 Be6 25.Qxb7 Bxc4 26.Qb4 Qa6 27.Re1 f6 28.Re7+ Bf7 29.Nd4 Qa1+
30.Kd2 fxg5 31.Rhe2  1-0

[Event "Spring op"]
[Site "Budapest"]
[Date "1992.??.??"]
[Round "?"]
[White "Almasi, Zoltan"]
[Black "Turian, Hans"]
[Result "1-0"]
[WhiteElo "2390"]
[BlackElo "2255"]

1.e4 e6 2.d4 d5 3.Nc3 Nf6 4.Bg5 dxe4 5.Nxe4 Be7 6.Bxf6 Bxf6 7.Nf3 b6 8.c3 Bb7
9.Bd3 Nd7 10.Qe2 Be7 11.O-O-O c6 12.Kb1 Qc7 13.c4 Nf6 14.Neg5 Bd6 15.Ne5 O-O
16.Ng4 h6 17.Nxf6+ gxf6 18.Nh7 f5 19.Nxf8 Bxf8 20.g4 f4 21.Rhg1 c5 22.g5 h5
23.g6 Bg7 24.d5 exd5 25.cxd5 Bxd5 26.Qxh5 Rd8 27.gxf7+ Bxf7 28.Qh7+  1-0

[Event "Spring op"]
[Site "Budapest"]
[Date "1992.??.??"]
[Round "?"]
[White "Hradeczky, Tamas"]
[Black "Almasi, Zoltan"]
[Result "0-1"]
[WhiteElo "2245"]
[BlackElo "2390"]

1.d4 Nf6 2.Nf3 g6 3.g3 Bg7 4.Bg2 O-O 5.O-O d6 6.c4 Nbd7 7.Nc3 e5 8.e4 exd4
9.Nxd4 Re8 10.h3 c6 11.Bf4 Ne5 12.b3 Nh5 13.Be3 Qe7 14.Rc1 Nd7 15.Nde2 Nc5
16.g4 Nf6 17.Ng3 Rd8 18.Qd2 b6 19.b4 Ncd7 20.b5 Bb7 21.f4 Nc5 22.g5 Nfd7
23.bxc6 Bxc6 24.e5 Bxg2 25.exd6 Qe6 26.Kxg2 Qxc4 27.Nd5 Qd3 28.Qxd3 Nxd3
29.Rc7 N7c5 30.f5 Rxd6 31.Ne7+ Kh8 32.fxg6 fxg6 33.Rf7 Ne6 34.Ne4 Rdd8 35.Rb7 Ne5
36.Rf1 Nc4 37.Bc1 Na5  0-1

[Event "Spring op"]
[Site "Budapest"]
[Date "1992.??.??"]
[Round "?"]
[White "Almasi, Zoltan"]
[Black "Kahn, Evarth"]
[Result "1-0"]
[WhiteElo "2390"]
[BlackElo "2255"]

1.e4 Nf6 2.e5 Nd5 3.d4 d6 4.Nf3 Nb6 5.a4 a5 6.Bb5+ c6 7.Bd3 g6 8.exd6 Qxd6
9.Nbd2 Bg7 10.O-O O-O 11.Ne4 Qc7 12.c3 N8d7 13.Bg5 Re8 14.Re1 Nd5 15.Bh4 f5
16.Ned2 e5 17.dxe5 Nxe5 18.Nxe5 Rxe5 19.Rxe5 Qxe5 20.Nf3 Qd6 21.Bc2 Qc5 22.Bb3 h6
23.Bg3 Be6 24.Be5 Re8 25.Qd2 Qe7 26.Re1 Bxe5 27.Rxe5 Qf8 28.Qe1 Bf7 29.Bxd5 cxd5
30.Nd4 Rxe5 31.Qxe5 Qe8 32.Qxe8+ Bxe8 33.b3 Kf7 34.f4 Ke7 35.Kf2 Kd6 36.Ke3 Kc5
37.h4 h5 38.Nf3 b6 39.Kd3 Kd6 40.Kd4 Ke6 41.Ne5 Kd6 42.g3 b5 43.axb5 Bxb5
44.Nxg6 a4 45.bxa4 Bxa4 46.Ne5 Be8 47.c4 dxc4 48.Nxc4+ Ke6 49.Kc5 Ba4 50.Ne3 Bb3
51.Nc4 Ba4 52.Na5 Bd1 53.Nc6 Ba4 54.Nd4+ Kf6 55.Kd6 Bd1 56.Nc6  1-0

[Event "Spring op"]
[Site "Budapest"]
[Date "1992.??.??"]
[Round "?"]
[White "Zimmersmann, Rita"]
[Black "Almasi, Zoltan"]
[Result "1-0"]
[WhiteElo "2255"]
[BlackElo "2390"]

1.e4 e5 2.Nf3 Nc6 3.Nc3 Nf6 4.Bb5 Nd4 5.Nxd4 exd4 6.e5 dxc3 7.exf6 Qxf6 8.dxc3 c6
9.Bd3 d5 10.Be3 Be6 11.Qd2 Bd6 12.O-O-O Qe7 13.Kb1 O-O 14.f4 b5 15.f5 Bd7
16.Rde1 Be5 17.g4 f6 18.g5 Rfe8 19.Rhg1 fxg5 20.Bxg5 Qd6 21.Qf2 Bf6 22.Re6 Bxe6
23.Bxf6 g6 24.Qh4 Bxf5 25.Bxf5 Qf8 26.Bxg6 hxg6 27.Rxg6+ Kf7 28.Qh7+ Ke6
29.Be7+ Kf5 30.Rf6+  1-0

[Event "Budapest Nuovo-B"]
[Site "Budapest"]
[Date "1992.??.??"]
[Round "2"]
[White "Almasi, Zoltan"]
[Black "Gallus, Gerald"]
[Result "1/2-1/2"]
[WhiteElo "2390"]
[BlackElo "2285"]

1.e4 e6 2.d4 d5 3.Nc3 Bb4 4.e5 b6 5.a3 Bf8 6.f4 Ne7 7.Nf3 Qd7 8.Bb5 c6 9.Ba4 Ba6
10.Ne2 Bb5 11.Bxb5 cxb5 12.O-O Nbc6 13.Qd3 h5 14.Be3 Nf5 15.Bf2 Be7 16.Ng3 g6
17.Nxf5 gxf5 18.Bh4 Bxh4 19.Nxh4 Ne7 20.Nf3 Ng6 21.Ng5 O-O-O 22.a4 bxa4 23.Qa6+ Kb8
24.Rxa4 Rc8 25.c3 Rc7 26.Rb4 h4 27.Ra1 Rb7 28.Qf1 Qe8 29.Rba4 Ne7 30.Nf3 Nc6
31.Nd2 Qd7 32.Qf2 Qe7 33.Rc1 Qd7 34.Raa1 Na5 35.b4 Nc4 36.Nxc4 dxc4 37.Re1 h3
38.Re3 hxg2 39.Qxg2 Rc7 40.Rg3 Rcc8 41.Rg7 Rh4 42.Qg3 Rch8 43.Ra2 Qe8 44.Qf3  1/2-1/2

[Event "Elekes mem"]
[Site "Budapest"]
[Date "1992.??.??"]
[Round "2"]
[White "Almasi, Zoltan"]
[Black "Petran, Pal"]
[Result "1/2-1/2"]
[WhiteElo "2390"]
[BlackElo "2470"]

1.e4 e5 2.Nf3 d6 3.d4 exd4 4.Nxd4 Nf6 5.Nc3 Be7 6.Be2 O-O 7.O-O Nc6 8.Be3 Bd7
9.f4 Nxd4 10.Bxd4 Bc6 11.Bf3 Nd7 12.Qd2 Bf6 13.Rae1 Re8 14.b4  1/2-1/2

[Event "Elekes mem"]
[Site "Budapest"]
[Date "1992.??.??"]
[Round "3"]
[White "Sievers, Stefan"]
[Black "Almasi, Zoltan"]
[Result "0-1"]
[WhiteElo "2365"]
[BlackElo "2390"]

1.e4 e5 2.Nf3 Nc6 3.d4 exd4 4.Nxd4 Nf6 5.Nc3 Bb4 6.Nxc6 bxc6 7.Bd3 d5 8.exd5 cxd5
9.O-O O-O 10.Bg5 c6 11.Ne2 h6 12.Bh4 Bc5 13.c3 Bg4 14.Qa4 Bxe2 15.Bxe2 Qd6
16.Rad1 Ne4 17.c4 f5 18.cxd5 Qf4 19.dxc6 Qxh4 20.g3 Qf6 21.c7 Qxb2 22.Ba6 Bxf2+
23.Kh1 Kh8 24.Qb3 Qe5 25.Bb7 Qxc7 26.Bxa8 Rxa8 27.Qd5 Rf8 28.Rc1 Qb6 29.Kg2 Qe3
30.Rc2 Qd4 31.Qc6 Be3 32.Rxf5 Rd8 33.Rf7 Nd6 34.Rf3 Rc8  0-1

[Event "Budapest Nuovo-B"]
[Site "Budapest"]
[Date "1992.??.??"]
[Round "4"]
[White "Almasi, Zoltan"]
[Black "Madl, Ildiko"]
[Result "1-0"]
[WhiteElo "2390"]
[BlackElo "2375"]

1.e4 c5 2.Nf3 d6 3.d4 cxd4 4.Nxd4 Nf6 5.Nc3 Nc6 6.Bg5 e6 7.Qd2 a6 8.O-O-O Bd7
9.f4 h6 10.Bh4 g5 11.fxg5 Ng4 12.Nxc6 Bxc6 13.Be2 Ne5 14.Rhf1 hxg5 15.Bxg5 Qxg5
16.Qxg5 Bh6 17.Qxh6 Rxh6 18.h3 Ke7 19.Rf2 Rh4 20.Bf1 Rg8 21.Re1 Rg3 22.Kd2 Rh8
23.b3 Rg6 24.Ne2 Rh4 25.Nf4 Rg5 26.Re3 Nd7 27.g3 Rh7 28.Bg2 Nf6 29.c4 Rhg7
30.g4 Nh7 31.Nd5+ Kd8 32.Nb4 Nf8 33.Nxc6+ bxc6 34.e5 d5 35.Kc3 Kc7 36.Ref3 Rxe5
37.Rxf7+ Rxf7 38.Rxf7+ Nd7 39.cxd5 exd5 40.Kd2  1-0

[Event "Elekes mem"]
[Site "Budapest"]
[Date "1992.??.??"]
[Round "5"]
[White "Almasi, Zoltan"]
[Black "Schlosser, Philipp"]
[Result "1-0"]
[WhiteElo "2390"]
[BlackElo "2485"]

1.e4 c5 2.Nf3 e6 3.d4 cxd4 4.Nxd4 a6 5.Bd3 Bc5 6.Nb3 Ba7 7.Qe2 Nc6 8.Be3 d6
9.Nc3 Nf6 10.O-O-O b5 11.Bxa7 Rxa7 12.Qe3 b4 13.Ne2 e5 14.h3 O-O 15.g4 Qc7
16.f4 a5 17.fxe5 Nxe5 18.Kb1 a4 19.Nbd4 Qc5 20.g5 Nfd7 21.Nf5 Nb6 22.Nf4 Nbc4
23.Qxc5 dxc5 24.Rhe1 g6 25.Bxc4 Nxc4 26.Nd6 Nxd6 27.Rxd6 Re7 28.Nd5 Re5 29.Nf6+ Kg7
30.Rd5 Rxd5 31.exd5 Bxh3 32.Rh1 h6 33.Rxh3 hxg5 34.Rf3 Rd8 35.c4 bxc3 36.bxc3 g4
37.Nxg4 Rxd5 38.Kc2 f5 39.Ne3 Re5 40.Kd3 Kh6 41.Rf4 Kg5 42.Rxa4 f4 43.Nc4 Re8
44.Ra5 f3 45.Rxc5+ Kf4 46.Rc6 g5 47.Rf6+ Kg3 48.Nd2 g4 49.Ne4+ Kg2 50.Rg6 Rxe4
51.Kxe4 g3 52.Kf4  1-0

[Event "Elekes mem"]
[Site "Budapest"]
[Date "1992.??.??"]
[Round "6"]
[White "Fogarasi, Tibor"]
[Black "Almasi, Zoltan"]
[Result "1/2-1/2"]
[WhiteElo "2455"]
[BlackElo "2390"]

1.d4 Nf6 2.c4 g6 3.Nc3 Bg7 4.e4 d6 5.f3 O-O 6.Bg5 a6 7.Qd2 Nbd7 8.Nge2 c5
9.d5 b5 10.cxb5 Ne5 11.Nc1 Qa5 12.a4 c4 13.Be2 Bb7 14.O-O Rfc8 15.Ra2 Ned7
16.Kh1 axb5 17.axb5 Qc7 18.Rxa8 Bxa8 19.N1a2 Qa5 20.Rd1 Nb6 21.Qe3 Re8 22.Qf2 Nfd7
23.Be3 Rc8 24.Bd4 Na4 25.Bxg7 Kxg7 26.Nxa4 Qxa4 27.Nc3 Qb4 28.Bf1 Kg8 29.h3 Nc5
30.f4 Bb7 31.e5 Na4 32.Nxa4 Qxa4 33.Qd4 Qxb5 34.Be2 Qc5 35.Bf3 Qxd4 36.Rxd4 Ba6
37.Kh2 Rb8 38.Rd2  1/2-1/2

[Event "Elekes mem"]
[Site "Budapest"]
[Date "1992.??.??"]
[Round "9"]
[White "Almasi, Zoltan"]
[Black "Hardicsay, Peter"]
[Result "0-1"]
[WhiteElo "2390"]
[BlackElo "2355"]

1.e4 c5 2.Nf3 Nc6 3.d4 cxd4 4.Nxd4 Nf6 5.Nc3 e5 6.Ndb5 d6 7.Bg5 a6 8.Na3 b5
9.Nd5 Be7 10.Bxf6 Bxf6 11.c3 O-O 12.Nc2 Bg5 13.Be2 Kh8 14.O-O f5 15.Bf3 Rb8
16.Qd3 Ne7 17.Nxe7 Qxe7 18.Nb4 Bb7 19.Nd5 Bxd5 20.Qxd5 fxe4 21.Bxe4 Rf6 22.Rad1 Rbf8
23.Rd3 Qa7 24.Bf3 Qb6 25.b4 Rb8 26.Rfd1 Rg6 27.a3 Be7 28.c4 bxc4 29.Qxc4 Rf6
30.Rc1 Rbf8 31.Qc6 Qb8 32.Qxa6 d5 33.Qa4 e4 34.Re3 Bd6 35.Bg4 Bxh2+ 36.Kh1 Bf4
37.Qd1 Bxe3 38.fxe3 Qg3 39.Bh3 Qxe3  0-1

[Event "Donau Cup op"]
[Site "Budapest"]
[Date "1992.??.??"]
[Round "9"]
[White "Almasi, Zoltan"]
[Black "Farago, Sandor"]
[Result "1-0"]
[WhiteElo "2390"]
[BlackElo "2385"]

1.e4 Nf6 2.e5 Nd5 3.d4 d6 4.Nf3 g6 5.Bc4 c6 6.exd6 Qxd6 7.O-O Bg7 8.h3 O-O
9.Re1 h6 10.Nbd2 Nd7 11.Ne4 Qc7 12.Bf1 b5 13.Bd2 a5 14.Qc1 Kh7 15.a4 b4 16.c4 N5f6
17.Bf4 Qd8 18.Ng3 e6 19.Bd6 Re8 20.Ne5 Nxe5 21.dxe5 Nd7 22.c5 f5 23.f4 Ba6
24.Bxa6 Rxa6 25.Ne2 g5 26.Qc4 Qc8 27.Nd4 Nf8 28.Nf3 gxf4 29.Nh4 Ra7 30.Qxf4 Qd8
31.Nf3 Ng6 32.Qc4 Qc8 33.Kh1 Rf7 34.Rg1 Rg8 35.Rae1 Bh8 36.Nd4 Re8 37.Rgf1 Rg7
38.g3 Rgg8 39.Kh2 Bg7  1-0

[Event "Donau Cup op"]
[Site "Budapest"]
[Date "1992.??.??"]
[Round "10"]
[White "Almasi, Zoltan"]
[Black "Tolnai, Tibor"]
[Result "0-1"]
[WhiteElo "2390"]
[BlackElo "2490"]

1.e4 c5 2.Nf3 d6 3.d4 cxd4 4.Qxd4 Nc6 5.Bb5 Bd7 6.Bxc6 Bxc6 7.c4 Nf6 8.Nc3 e6
9.O-O Be7 10.Qd3 O-O 11.Bf4 Qa5 12.Nd4 Rfd8 13.f3 Rac8 14.Rab1 Be8 15.Be3 a6
16.Rfc1 h6 17.Kh1 Qh5 18.Nce2 Qa5 19.Bd2 Qc7 20.b3 Qb8 21.a4 Bf8 22.f4 d5
23.cxd5 exd5 24.e5 Ne4 25.Be1 Rxc1 26.Rxc1 Rc8 27.Rd1 Bd7 28.h3 b5 29.axb5 axb5
30.Ng3 Rc3 31.Qxc3 Nxc3 32.Bxc3 Qc8 33.Nge2 Bf5 34.Nxb5 Be4 35.Kh2 h5 36.Nbd4 Qb7
37.Ng3 h4 38.Nxe4 dxe4 39.Be1 e3 40.Bxh4  0-1

[Event "Elekes mem"]
[Site "Budapest"]
[Date "1992.??.??"]
[Round "10"]
[White "Tseitlin, Mikhail S"]
[Black "Almasi, Zoltan"]
[Result "1-0"]
[WhiteElo "2480"]
[BlackElo "2390"]

1.e4 e5 2.Nc3 Nc6 3.g3 Nf6 4.Bg2 Bc5 5.Nge2 d6 6.Na4 h5 7.h3 Be6 8.d3 a6
9.Nxc5 dxc5 10.b3 Qd6 11.f4 O-O-O 12.Be3 Bd7 13.O-O h4 14.g4 exf4 15.Bxf4 Ne5
16.Qe1 Rde8 17.Kh1 Qb6 18.Bh2 Bc6 19.a3 Nfd7 20.Nf4 a5 21.Qc3 g6 22.Rae1 f6
23.Nd5 Bxd5 24.exd5 Qd6 25.Qxa5 Kb8 26.b4 b6 27.bxc5 bxa5 28.cxd6 cxd6  1-0